Hôm qua, hôm nay và ngày mai /

Wedi'i Gadw mewn:
Manylion Llyfryddiaeth
Prif Awdur: Tố Hữu.
Awduron Eraill: Từ Sơn (ghi.)
Fformat: Erthygl
Iaith:Vietnamese
Pynciau:
Tagiau: Ychwanegu Tag
Dim Tagiau, Byddwch y cyntaf i dagio'r cofnod hwn!
Thư viện lưu trữ: Thư viện Trường Đại học Đà Lạt
LEADER 00790nam a2200277 4500
001 DLU090068079
005 ##20090418
040 # # |a DLU  |b vie 
041 # # |a vie 
044 # # |a vn 
100 # # |a Tố Hữu. 
245 # # |a Hôm qua, hôm nay và ngày mai /  |c Tố Hữu, Từ Sơn ghi  
653 # # |a Chiến thắng  
653 # # |a Kinh tế xã hội chủ nghĩa 
653 # # |a Văn Phát triển xã hội 
700 # # |a Từ Sơn,   |e ghi. 
773 # # |t Tạp chí văn học  |g Số2, 1978, tr. 1-7,29 
920 # # |a Phòng Tạp chí -- Trung tâm Thông tin - Thư viện Trường Đại học Đà Lạt 
994 # # |a DLU 
900 # # |a True 
911 # # |a Nguyễn Thị Linh Chi 
925 # # |a G 
926 # # |a A 
927 # # |a BB 
980 # # |a Thư viện Trường Đại học Đà Lạt